| 000 | 00552nam a22001697a 4500 | ||
|---|---|---|---|
| 008 | 161019b xxu||||| |||| 00| 0 eng d | ||
| 020 | _a9781405126939 | ||
| 050 | _aTT 509 .M38 2005 | ||
| 100 | _aMcKelvey, Kathryn | ||
| 245 |
_aFashion source book/ _cKathryn McKelvey. |
||
| 250 | _a2nd ed. | ||
| 260 |
_aOxford : _bBlackwell Publishing, _c2005. |
||
| 300 |
_aiv, 266p. : _bill. ; _c25cm. |
||
| 500 | _aIncludes bibliography and index. | ||
| 650 |
_aFashion drawing _xpictorial works. |
||
| 942 |
_2lcc _cSH_L_BOOKS _hTT 509 .M38 2005 _06 |
||
| 999 |
_c15052 _d15052 |
||